ভারতের নৃতাত্ত্বিক পরিচয় / (Record no. 40361)
[ view plain ]
| 000 -LEADER | |
|---|---|
| fixed length control field | 00877nam a2200253 a 4500 |
| 001 - CONTROL NUMBER | |
| control field | 40361 |
| 003 - CONTROL NUMBER IDENTIFIER | |
| rucl marc code | BD-RjUL |
| 005 - DATE AND TIME OF LATEST TRANSACTION | |
| control field | 20211209053211.0 |
| 008 - FIXED-LENGTH DATA ELEMENTS--GENERAL INFORMATION | |
| fixed length control field | 160430m20011988ii |||| |||| 001 0 ben d |
| 020 ## - INTERNATIONAL STANDARD BOOK NUMBER | |
| International Standard Book Number | 8186946713 |
| Terms of availability | : IRs. 100.00 |
| 035 ## - SYSTEM CONTROL NUMBER | |
| System control number | (BD-RjUL)40476 |
| 040 ## - CATALOGING SOURCE | |
| Original cataloging agency | BD-RjUL |
| Language of cataloging | ben |
| Transcribing agency | BD-RjUL |
| 041 ## - LANGUAGE CODE | |
| Language code of text/sound track or separate title | ben |
| 082 ## - DEWEY DECIMAL CLASSIFICATION NUMBER | |
| Edition number | 23 |
| Classification number | 301.0954 |
| Author mark and year | SUB 2001 |
| 100 ## - MAIN ENTRY--PERSONAL NAME | |
| Personal name | সুর, অতুল |
| 9 (RLIN) | 124336 |
| 245 10 - TITLE STATEMENT | |
| Title | ভারতের নৃতাত্ত্বিক পরিচয় / |
| Statement of responsibility, etc. | অতুল সুর |
| 250 ## - EDITION STATEMENT | |
| Edition statement | ২য় সং. |
| 260 ## - PUBLICATION, DISTRIBUTION, ETC. (IMPRINT) | |
| Place of publication, distribution, etc. | কলকাতা : |
| Name of publisher, distributor, etc. | সাহিত্যলোক, |
| Date of publication, distribution, etc. | ২০০১ |
| 300 ## - PHYSICAL DESCRIPTION | |
| Pagination | ২২৩ পৃ. ; |
| Size | ২৪ সেমি. |
| 500 ## - GENERAL NOTE | |
| General note | নির্ঘন্ট সংযুক্ত |
| 650 ## - SUBJECT ADDED ENTRY--TOPICAL TERM | |
| Topical term or geographic name as entry element | নৃতত্ত্ব |
| Geographic subdivision | ভারত |
| 9 (RLIN) | 124337 |
| Topical term or geographic name as entry element | Anthropology |
| Geographic subdivision | India |
| 9 (RLIN) | 124338 |
| 942 ## - ADDED ENTRY ELEMENTS (KOHA) | |
| Source of classification or shelving scheme | Dewey Decimal Classification |
| Koha item type | Books |
| Lost status | Source of classification or shelving scheme | Damaged status | Not for loan | Collection code | Permanent Location | Current Location | Shelving location | Date acquired | Source of acquisition | Cost, normal purchase price | Total Checkouts | Full call number | Date last seen | Copy number | Koha item type |
|---|---|---|---|---|---|---|---|---|---|---|---|---|---|---|---|
| Dewey Decimal Classification | Non-fiction | Central Library, University of Rajshahi | Central Library, University of Rajshahi | 15/10/2005 | Dhaka Paragan Enter Pries | 100.00 | B 301.0954 SUB 2001 | 30/04/2016 | C-2 | Books | |||||
| Dewey Decimal Classification | Not For Loan | Non-fiction | Central Library, University of Rajshahi | Central Library, University of Rajshahi | Reading Room | 15/10/2005 | Dhaka, Paragon Enterprises ltd. | 100.00 | B 301.0954 SUB 2001 | 03/05/2017 | C-1 | Books |